Handbook of Environmental and Resource Economic (Record no. 11213)

000 -LEADER
fixed length control field 00311nam a22001217a 4500
040 ## - CATALOGING SOURCE
Transcribing agency SY
082 ## - DEWEY DECIMAL CLASSIFICATION NUMBER
Classification number 333 JER 1999 C093
100 ## - MAIN ENTRY--AUTHOR NAME
Personal name Jeroen C.J.M van den Bergh
245 ## - TITLE STATEMENT
Title Handbook of Environmental and Resource Economic
260 ## - PUBLICATION, DISTRIBUTION, ETC. (IMPRINT)
Place of publication USA
Name of publisher Jeroen C.J.M van den Bergh
Year of publication 1999
300 ## - PHYSICAL DESCRIPTION
Number of Pages 1300p
942 ## - ADDED ENTRY ELEMENTS (KOHA)
Koha item type សៀវភៅភាសាអង់គ្លេស
952 ## - LOCATION AND ITEM INFORMATION (KOHA)
Withdrawn status [LOCAL, KOHA] 0
Holdings
Permanent Location Date acquired Koha item type Lost status Shelving location Barcode Current Location Full call number
Library Block C2017-02-21សៀវភៅភាសាអង់គ្លេស C186A04871Library Block C333 JER 1999 C186
មជ្ឈមណ្ឌលឯការនៃសាកលវិទ្យាល័យភូមិន្ទកសិកម្មចំការដូង

Powered by Koha